A vueltas con mi nombre / (Registro nro. 10189)

Detalles MARC
000 -LIDER
fixed length control field 00904nam a22002777a 4500
001 - NÚMERO DE CONTROL
Identificador de número de control 00123
003 - IDENTIFICACDOR DE NÚMERO DE CONTROL
control field DO-SdBNP
005 - DATE AND TIME OF LATEST TRANSACTION
control field 20180220112916.0
007 - CAMPOS FIJOS DE DESCRIPCIÓN FÍSICA
fixed length control field 00123
008 - ELEMENTOS DE LONGITUD FIJA
fixed length control field 160520b 1993 sp | |||| 00| 0 spa d
020 ## - ISBN
International Standard Book Number 8434830906
040 ## - FUENTE DE CATALOGACIÓN
Agencia que crea de manera original el registro BPMSU
Idioma de catalogación spa
Agencia que realiza la transcripción BPMSU
100 ## - ASIENTO PRINCIPAL -- NOMBRE PERSONAL
Nombre personal Vieira, Alice
Numeración
Fechas asociadas con el nombre 1943-
245 ## - MENCIÓN DE TITULO
Título A vueltas con mi nombre /
Mención de responsabilidad Alice Vieira ; ilustraciones Mónica Echevarría ; traducción Maribel López Habela y José Antonio Barriuso Ovejero.
250 ## - MENCIÓN DE EDICION
Mención de edición 3a. ed.
260 ## - PUBLICACIÓN, DISTRIBUCIÓN, ETC. (PIE DE IMPRENTA)
Lugar de publicación, distribución, etc Madrid :
Nombre del editor, distribuidor, etc. Ediciones SM,
Fecha de publicación, distribución, etc 1993
300 ## - DESCRIPCIÓN FÍSICA
Extensión 133 p. :
Otros detalles físicos il. ;
Dimensiones 20 cm.
490 ## - MENCIÓN DE SERIES
Mención de serie El barco de vapor
Volume/sequential designation 56
700 ## - ASIENTO SECUNDARIO -- NOMBRE PERSONAL
Nombre personal Echevarría, Mónica
Mención de responsabilidad tr.
700 ## - ASIENTO SECUNDARIO -- NOMBRE PERSONAL
Nombre personal López Habela, Maribel
Mención de responsabilidad il.
700 ## - ASIENTO SECUNDARIO -- NOMBRE PERSONAL
Nombre personal Barriuso Ovejero, Antonio
Mención de responsabilidad il.
830 ## - ASIENTO SECUNDARIO DE SERIE--TÍTULO UNIFORME
Título uniforme El barco de vapor
Volume number/sequential designation 56
942 ## - ADDED ENTRY ELEMENTS (KOHA)
Source of classification or shelving scheme Dewey Decimal Classification
Koha item type Libros
945 ## - INFORMACIÓN DE PROCESAMIENTO LOCAL
Información de procesamiento local Inventariado, 2018 / BT
956 ## - LOCAL ELECTRONIC LOCATION AND ACCESS (OCLC)
Campo enlazado y núm. de secuencia VMATEO
Nombre de host 10
Número de acceso 20160520
Información de compresión BPMSU
Trayectoria 0069
Existencias
Withdrawn status Lost status Source of classification or shelving scheme Damaged status Not for loan Collection code Home library Current library Date acquired Source of acquisition Total Checkouts Barcode Date last seen Price effective from Koha item type
    Dewey Decimal Classification     Colección Infantil General Biblioteca Pública Metropolitana Salomé Ureña Biblioteca Pública Metropolitana Salomé Ureña 05/20/2016 Agencia de Cooperación Internacional del Japón   BPMSU16050415 05/20/2016 05/20/2016 Libros